CDS Spreads Determinants of the European Financial Institutions

Rozpätie kreditného úverového zlyhania (CDS) - ukazovateľ kreditného rizika v podniku. Identifikácia činiteľov vplyvu na rozpätie CDS zadlžených finančných subjektov v Európe. Regresia panelových dát.

Gespeichert in:
Bibliographische Detailangaben
1. Verfasser: Kajurová, Veronika
Weitere Verfasser: Šturc, Boris, 1961-
Format: Buchkapitel
Sprache:Englisch
Schlagworte:
Tags: Tag hinzufügen
Keine Tags, Fügen Sie das erste Tag hinzu!

MARC

LEADER 00000naa$a2200000$$$4500
001 0195061
005 20240502083452.5
041 0 |a eng 
044 |a CZ 
245 1 0 |a CDS Spreads Determinants of the European Financial Institutions  |c Veronika Kajurová, Boris Šturc 
520 |a Rozpätie kreditného úverového zlyhania (CDS) - ukazovateľ kreditného rizika v podniku. Identifikácia činiteľov vplyvu na rozpätie CDS zadlžených finančných subjektov v Európe. Regresia panelových dát. 
610 2 0 |a rozpätie úverové 
610 2 0 |a deriváty 
610 2 0 |a insolventnosť 
610 2 0 |a swap 
610 2 0 |a regresia 
610 2 0 |a riziko úverové 
610 2 0 |a riziko likvidity 
100 1 |a Kajurová, Veronika 
700 1 |a Šturc, Boris, 1961-